000
00320nam a22001337a 4500
008
181017b xxu||||| |||| 00| 0 eng d
020
_a
9781119234395
041
_a
eng
080
_2
5 ed
_a
621
100
_a
27
101
_a
ENG
245
_a
Fundamentals Science And Engineering
_c
William.D.C
942
_2
udc
_c
BK
999
_c
49976
_d
49976